000 01287nam a22002177a 4500
003 OSt
005 20251117144620.0
008 251117b |||||||| |||| 00| 0 eng d
040 _cDCL
082 _a၂၉၄.၃၈၂၃၅၃
130 _aတိပိဋက။
_pသုတ္တန္တပိဋက။
_pခုဒ္ဒကနိကာယ။
_tဇာတက၊
_lအဋ္ဌကထာ၊
_sနိဿယ။
245 _aဇာတကအဋ္ဌကထာနိဿယ ၊
_nအဋ္ဌမတွဲ (သဋ္ဌိနိပါတ်နှင့် သတ္တတိနိပါတ်) /
_cဘဒ္ဒန္တကေသရ နှင့် အရှင်ပညာနန္ဒ။
264 _aရန်ကုန် ၊
_bသာသနာရေးဦးစီး၊
_c၂၀၁၅။
300 _aဇ၊ ၃၀၈ စာမျက်နှာ ၊
_c၂၆ စင်တီ။
650 _aဇာတက
_vအဋ္ဌကထာနိဿယ။
650 _aသဋ္ဌိနိပါတ်
_xအဋ္ဌကထာနိဿယ။
650 _aသတ္တတိနိပါတ်
_xအဋ္ဌကထာနိဿယ။
700 _aကေသရ၊ ဘဒ္ဒန္တ
700 _aပညာနန္ဒ၊ အရှင်
942 _2ddc
_cSHORT TERM
_n0
999 _c2507
_d2507